Responses for Show #2345 - Friday, November 11, 1994

1994 Celebrity Jeopardy! game 5.

Contestants

[<< previous game]

Tim Matheson, an actor from For the Love of My Daughter

Markie Post, an actress from Night Court and Hearts Afire

David Hyde Pierce, an Emmy nominee from Frasier

[next game >>]

Jeopardy! Round responses

THE 1980s
TV ACTORS & ROLES
TRANSPORTATION
THE BIBLE
CATS & DOGS
END WITH "TIC"
    $100 14
"Just say no."

David
    $100 6
Kathie Lee Gifford

Markie
    $100 20
the subway

Tim
    $100 9
(Tim: What is a whale?)

Jonah

DavidTim
    $100 23
a Siamese cat

Markie
    $100 1
the attic

Markie
    $200 15
Mount St. Helens

Markie
    $200 7
Gilligan's Island

Markie
    $200 21
the Edsel

Tim
    $200 10
(Markie: What is on the first day?)

"In the beginning"

Markie
Triple Stumper
    $200 24
a Pekingese

Markie
    $200 2
a lunatic

David
    $300 16
Hirohito

Markie
    $300 8
(Markie: Who is Elly May?)
...
(Alex: I believe Elly May goes back to The Beverly Hillbillies?)

Miss Ellie

Markie
Triple Stumper
    $300 22
the Maine

David
    $300 11
(Tim: What were the 10 commandments?)

the Ark of the Covenant

DavidTim
    $300 25
a tail

Markie
    $300 3
a styptic pencil

Markie
    $500 17
Czechoslovakia

Markie
    $400 18
Lisa Hartman

Tim
    $400 12
dreams

David
    $400 26
a dalmatian

David
    $400 4
romantic

Markie
    $500 19
Vivian Vance

Tim
    $500 13
prophets

Tim
    $500 27
[The end-of-round signal sounds.]
(Alex: I'm surprised that David wasn't able to ring in first on that one. He'll never hear the end of it on his show, Frasier.)

terrier

Markie
    $500 5
the critic

Markie

Scores at the first commercial break (after clue 13):

David Markie Tim
$1,000 $1,100 $100

Scores at the end of the Jeopardy! Round:

David Markie Tim
$1,800 $3,200 $1,300

Double Jeopardy! Round responses

U.S. PRESIDENTS
THE OSCARS
GEOGRAPHY
CLASSICAL MUSIC
THE OLYMPICS
LITERATURE
    $200 14
Franklin Roosevelt

David
    $200 8
Audrey and Katharine Hepburn

Markie
    $200 2
the Amazon

David
    $200 3
(Tim: What is the piano?)
(Markie: What's the harpsichord?)
---
(Alex: I knew you wanted to say that.)
(David: "Kazoo" was the only thing left.)

the organ

DavidMarkieTim
    $200 1
South Africa

Markie
    $200 15
[David Hyde Pierce emphasizes the last name and smiles.]
(David: Now him I like.)

Mr. Hyde

David
    $400 20
(Ulysses S.) Grant

Markie
    $400 9
Marlene Dietrich

Tim
    $400 13
the Sahara

Markie
    $400 4
Porgy and Bess

David
    $400 16
Don Quixote

Tim
    $600 21
(Alex: And we have a minute to go.)

(John) Kennedy

David
    $600 10
Elizabeth Taylor

Markie
    $600 24
Monaco

Tim
    $600 5
Mozart

David
    $600 17
The Three Musketeers

David
    $800 22
(Tim: Who is Richard Nixon?)

Grover Cleveland

Tim
Triple Stumper
    $800 11
On the Waterfront

Tim
    $800 25
[The end-of-round signal sounds.]

New Zealand

Markie
    $800 6
Beethoven

Markie
    $800 18
Tolstoy

David
    $1,000 23
Abraham Lincoln

David
    $1000 12
Marsha Mason

Tim
    $1000 7
Leonard Bernstein

David
    $2,000 19
(Percy) Shelley

David

Scores at the end of the Double Jeopardy! Round:

David Markie Tim
$9,600 $6,400 $3,500

[wagering suggestions for these scores]

Final Jeopardy! Round responses

ANCIENT ROME
TimWhat is a general
$1,500
MarkieWhat is a centurion?
$6,000
DavidWhat is a centurian?
$4,000
a centurion

Final scores:

David Markie Tim
$13,600 $12,400 $2,000
Winner: $13,600 to Broadway Cares/Equity Fights AIDS & Alzheimer's Association 2nd place: $12,400 to Stop Cancer 3rd place: $10,000 to Earth Communications Office & Remedial Reading Center in Los Angeles

Game dynamics:

Coryat scores:

David Markie Tim
$8,600 $6,300 $3,500
19 R
(including 2 DDs),
0 W
20 R
(including 1 DD),
3 W
10 R,
4 W

Combined Coryat: $18,400

[game clues] [game scores] [suggest correction]

Game tape date: 1994-10-02
The J! Archive is created by fans, for fans. Scraping, republication, monetization, and malicious use prohibited; this site may use cookies and collect identifying information. See terms. The Jeopardy! game show and all elements thereof, including but not limited to copyright and trademark thereto, are the property of Jeopardy Productions, Inc. and are protected under law. This website is not affiliated with, sponsored by, or operated by Jeopardy Productions, Inc. Join the discussion at JBoard.tv.